000 00534nam a22001817a 4500
008 171218b xxu||||| |||| 01| | tur d
020 _a9754581304
041 _atur
050 _a PL248.M427
100 _9840
_aRahim Tarım
245 _aMehmet Rauf : Hayatı, Sanatı, Eserleri
250 _a1.Baskı
260 _aAnkara
_bTürkiye İş Bankası Yayınları Kültür Yayınları
_cEkin 1998
300 _a131 Sayfa
500 _aGenel Yayın No: 379 Ünlü Kişiler : 17
650 0 _9145
_aTürk Edebiyatı
942 _2lcc
_cBK
999 _c1754
_d1729